Loading...
| Science - Chemistry | 0 | 6 | 0 | 1 | 60 | 56 | 81.50 | 2 | 5 | 0.00 | 0.00 |
| Literature - American | 0 | 5 | 0 | 0 | 50 | 28 | 62.20 | 1 | 2 | 0.00 | 0.00 |
| Science - Biology | 0 | 4 | 0 | 0 | 40 | 27 | 61.25 | 1 | 3 | 0.00 | 0.00 |
| Religion | 0 | 4 | 1 | 0 | 35 | 63 | 80.50 | 0 | 1 | 0.00 | 0.00 |
| Science - Other | 0 | 4 | 1 | 0 | 35 | 59 | 73.25 | 0 | 2 | 0.00 | 0.00 |
| Literature - British | 0 | 3 | 0 | 1 | 30 | 60 | 81.33 | 0 | 1 | 0.00 | 0.00 |
| History - Other | 0 | 3 | 0 | 0 | 30 | 59 | 75.33 | 0 | 2 | 0.00 | 0.00 |
| Fine Arts - Other | 0 | 2 | 0 | 0 | 20 | 84 | 100.00 | 0 | 2 | 0.00 | 0.00 |
| History - European | 0 | 2 | 0 | 0 | 20 | 29 | 50.50 | 0 | 0 | 0.00 | 0.00 |
| History - American | 0 | 2 | 0 | 1 | 20 | 80 | 92.00 | 0 | 0 | 0.00 | 0.00 |
| Literature - European | 0 | 2 | 1 | 1 | 15 | 45 | 67.00 | 0 | 1 | 0.00 | 0.00 |
| Current Events | 0 | 1 | 0 | 1 | 10 | 109 | 109.00 | 0 | 0 | 0.00 | 0.00 |
| Fine Arts - Classical Music | 0 | 1 | 0 | 0 | 10 | 102 | 102.00 | 0 | 0 | 0.00 | 0.00 |
| Literature - World | 0 | 1 | 0 | 1 | 10 | 131 | 131.00 | 0 | 0 | 0.00 | 0.00 |
| Mythology | 0 | 2 | 2 | 0 | 10 | 76 | 81.50 | 0 | 1 | 0.00 | 0.00 |
| Science - Physics | 0 | 1 | 1 | 0 | 5 | 56 | 56.00 | 0 | 1 | 0.00 | 0.00 |
| History - World | 0 | 1 | 2 | 0 | 0 | 59 | 59.00 | 0 | 0 | 0.00 | 0.00 |
| Philosophy | 0 | 0 | 1 | 0 | -5 | 0.00 | 0 | 0 | 0.00 | 0.00 |